Science of Creature Design: Understanding Animal Anatomy (Record no. 3045)

000 -LEADER
fixed length control field 00389nam a2200145Ia 4500
008 - FIXED-LENGTH DATA ELEMENTS--GENERAL INFORMATION
fixed length control field 180907s9999||||xx |||||||||||||| ||und||
020 ## - INTERNATIONAL STANDARD BOOK NUMBER
International Standard Book Number 9.7819334926e+012
082 ## - DEWEY DECIMAL CLASSIFICATION NUMBER
Classification number 743
Item number WHI/P
100 ## - MAIN ENTRY--PERSONAL NAME
Personal name Whitlatch, Terryl
245 #0 - TITLE STATEMENT
Title Science of Creature Design: Understanding Animal Anatomy
250 ## - EDITION STATEMENT
Edition statement 1st Edition
260 ## - PUBLICATION, DISTRIBUTION, ETC.
Place of publication, distribution, etc. CA
Name of publisher, distributor, etc. Design Studio Press
Date of publication, distribution, etc. 2015
300 ## - PHYSICAL DESCRIPTION
Extent 163p.
942 ## - ADDED ENTRY ELEMENTS (KOHA)
Koha item type Book
Holdings
Withdrawn status Lost status Damaged status Not for loan Collection code Permanent Location Current Location Date acquired Cost, normal purchase price Total Checkouts Full call number Barcode Date last seen Date last checked out Price effective from Koha item type
        School of Animation (Noida) MUIT-NOIDA MUIT-NOIDA 2018-09-07 2394.00 1 743 WHI/P ANM00364 2022-11-10 2022-11-03 2018-09-07 Book

All Rights Reserved@MUIT

Powered by Koha